<?xml version="1.0" encoding="UTF-8"?><?xml-stylesheet type="text/xsl" href="static/style.xsl"?><OAI-PMH xmlns="http://www.openarchives.org/OAI/2.0/" xmlns:xsi="http://www.w3.org/2001/XMLSchema-instance" xsi:schemaLocation="http://www.openarchives.org/OAI/2.0/ http://www.openarchives.org/OAI/2.0/OAI-PMH.xsd"><responseDate>2026-04-27T21:36:12Z</responseDate><request verb="GetRecord" identifier="oai:uvadoc.uva.es:10324/48065" metadataPrefix="marc">https://uvadoc.uva.es/oai/request</request><GetRecord><record><header><identifier>oai:uvadoc.uva.es:10324/48065</identifier><datestamp>2021-11-30T10:03:30Z</datestamp><setSpec>com_10324_38</setSpec><setSpec>col_10324_852</setSpec></header><metadata><record xmlns="http://www.loc.gov/MARC21/slim" xmlns:doc="http://www.lyncode.com/xoai" xmlns:xsi="http://www.w3.org/2001/XMLSchema-instance" xmlns:dcterms="http://purl.org/dc/terms/" xsi:schemaLocation="http://www.loc.gov/MARC21/slim http://www.loc.gov/standards/marcxml/schema/MARC21slim.xsd">
<leader>00925njm 22002777a 4500</leader>
<datafield tag="042" ind1=" " ind2=" ">
<subfield code="a">dc</subfield>
</datafield>
<datafield tag="720" ind1=" " ind2=" ">
<subfield code="a">Pizarro Ávila, Luis Carlos</subfield>
<subfield code="e">author</subfield>
</datafield>
<datafield tag="260" ind1=" " ind2=" ">
<subfield code="c">2021</subfield>
</datafield>
<datafield tag="520" ind1=" " ind2=" ">
<subfield code="a">Con el descubrimiento de América y la llegada de los primeros españoles y la instauración de las instituciones allí creadas, se generarán grandes polémicas por el trato desfavorable que se otorgó al indio, cuestionándose tanto su validez como la licitud de la conquista. El presente trabajo pretende ofrecer una visión general sobre los derechos reconocidos a los pueblos indígenas iberoamericanos. Se repasará brevemente la historia desde el descubrimiento de Colón hasta la filosofía cristiana de Bartolomé de Las Casas. El carácter polémico de sus obras y la forma en que se enfrentó a distintos autores y grupos sociales, le convertirán en un personaje protagónico de su tiempo, pero la esencia reside en su lucha sobre la afirmación de la dignidad del hombre y la fundamentación que en ella reciben los derechos humanos.</subfield>
</datafield>
<datafield tag="024" ind2=" " ind1="8">
<subfield code="a">https://uvadoc.uva.es/handle/10324/48065</subfield>
</datafield>
<datafield tag="245" ind1="0" ind2="0">
<subfield code="a">Derecho de los indígenas en Bartolomé de Las Casas</subfield>
</datafield>
</record></metadata></record></GetRecord></OAI-PMH>